COPS Intro Quiz Stats

Quiz not verified by Sporcle

Challenge
Share
Tweet
Embed
Score 0/25 Timer 02:00
0 Plays Today
Word % Correct
the
81.8%
COPS
80.9%
of
79.1%
law
79.1%
in
79.1%
of
79.1%
law.
79.1%
and
76.4%
are
76.4%
court
73.6%
is
72.7%
All
72.7%
guilty
69.1%
Word % Correct
proven
68.2%
until
65.5%
enforcement.
64.5%
suspects
64.5%
innocent
64.5%
on
63.6%
filmed
61.8%
location
60%
with
60%
men
57.3%
women
57.3%
a
57.3%

You're not logged in!

Compare scores with friends on all Sporcle quizzes.
Join for Free
OR
Log In

You Might Also Like...

Show Comments

Extras

Top Quizzes Today


Score Distribution

Your Account Isn't Verified!

In order to create a playlist on Sporcle, you need to verify the email address you used during registration. Go to your Sporcle Settings to finish the process.

Report this User

Report this user for behavior that violates our Community Guidelines.

Details: